=LDR 00000nam 2200000 4500 =001 INLIS000000000030008 =005 20210118104535 =035 ##$$a 0010-061300000030008 =008 210118################g##########0#ind## =041 ##$$a ind =082 ##$$a 333.73 =090 ##$$a 639.9, WIR m =100 ##$$a Wirakusumah, Sambas =245 1#$$a Mendambakan kelestarian sumber daya hutan : $b Bagi sebesar-besarnya kemakmuran rakyat ( Suatu telaah ekonomi ) /$c Sambas Wirakusumah =260 ##$$a Jakarta :$b Universitas Indonesia,$c 2003 =300 ##$$a xv, 135 hlm., : $b ilus. ; $c 28 x 21 cm. =650 #4$$a Hutan - Pelestarian =850 ##$$a NBPNMAT =020 ##$$a 979-456-248-3 =084 ##$$a 333.73 WIR m =990 ##$$a 30701538 =990 ##$$a 30701537 =990 ##$$a 30701536